Comunicació de proximitat en temps de desinformació : recull teòric de les ponències de la III Jornada de Comunicació Municipal : octubre de 2025 / recull teòric de les ponències de la III Jornada de Comunicació Municipal : octubre de 2025 /
Descripción Física:
32 pàgines ; 21 x 15 cm
Otros Autores:
Salvador Mata, Bertran
,
Carrillo Pérez, Nereida
,
Baraibar Padró, Carlos
,
Cuartielles, Roger
,
Danés, Agustí
,
Muñoz, Anna
Idioma:
Catalán
MARC
| LEADER | 00000nam a2200000 a 4500 | ||
|---|---|---|---|
| 001 | 29293 | ||
| 003 | AGDB | ||
| 005 | 20260324181546.0 | ||
| 008 | 260129b spa||||| |||| 00| 0 cat d | ||
| 017 | |a B 18085-2025 | ||
| 111 | |a Jornada de Comunicació Municipal |d (3a : 2025 : |c Barcelona, Catalunya) |9 72989 |j autor | ||
| 245 | |a Comunicació de proximitat en temps de desinformació : |b recull teòric de les ponències de la III Jornada de Comunicació Municipal : octubre de 2025 / |c autoria: Bertran Salvador Mata, Nereida Carrillo, Carlos Baraibar Padró, Roger Cuartielles, Agustí Danés, Anna Muñoz, Grup de Treball dels Plans Locals contra la Desinformació a la Província de Barcelona | ||
| 260 | |a Barcelona : |b Diputació de Barcelona, |c 2025 | ||
| 300 | |a 32 pàgines ; |c 21 x 15 cm | ||
| 650 | 0 | |a Desinformació |9 72990 | |
| 650 | 0 | |a Alfabetització mediàtica |9 53598 | |
| 700 | |a Salvador Mata, Bertran |9 72982 |e autor | ||
| 700 | |a Carrillo Pérez, Nereida |9 72190 |e autor | ||
| 700 | |a Baraibar Padró, Carlos |9 72983 |e autor | ||
| 700 | |a Cuartielles, Roger |9 72984 |e autor | ||
| 700 | |a Danés, Agustí |9 72985 |e autor | ||
| 700 | |a Muñoz, Anna |9 72986 |e autor | ||
| 710 | |a Grup de Treball dels Plans Locals contra la Desinformació a la Província de Barcelona |9 72987 |e autor | ||
| 942 | |2 udc |c ARXIU |n 1 | ||
| 952 | |0 0 |1 0 |2 udc |4 0 |6 FU7888 |7 1 |9 99029 |a Arxiu |b Arxiu |d 2026-01-29 |l 0 |o FU-78-88 |p 29293 |r 2026-01-29 12:48:11 |w 2026-01-29 |y ARXIU | ||
| 999 | |c 130688 |d 130688 | ||